হিতোপদেশ-পঞ্চতন্ত্র : (Record no. 2350)
[ view plain ]
| 000 -LEADER | |
|---|---|
| fixed length control field | 00781nam a2200229 a 4500 |
| 001 - CONTROL NUMBER | |
| JCCL Control Number | 2350 |
| 003 - CONTROL NUMBER IDENTIFIER | |
| JCCL marc code | BD-JhCC |
| 005 - DATE AND TIME OF LATEST TRANSACTION | |
| control field | 20171107194644.0 |
| 008 - FIXED-LENGTH DATA ELEMENTS--GENERAL INFORMATION | |
| fixed length control field | 171101s2005 bg |||| ||a| 000 0 ben d |
| 020 ## - INTERNATIONAL STANDARD BOOK NUMBER | |
| International Standard Book Number | 9843108205 |
| 035 ## - SYSTEM CONTROL NUMBER | |
| system control number | (BD-JhCC)2350 |
| 040 ## - CATALOGING SOURCE | |
| Original cataloging agency | BD-JhCC |
| Modifying agency | BD-JhCC |
| 041 ## - LANGUAGE CODE | |
| Language code of Book | ben |
| 082 ## - DEWEY DECIMAL CLASSIFICATION NUMBER | |
| Classification number | 891.4435 |
| Author mark and Year | HAS 2005 |
| 100 ## - MAIN ENTRY--PERSONAL NAME | |
| Personal name | হাসান, সৈয়দ মাহমুদুল |
| 245 ## - TITLE STATEMENT | |
| Title | হিতোপদেশ-পঞ্চতন্ত্র : |
| Remainder of title | নীতিকথামূলক গল্পগুচ্ছ / |
| Statement of responsibility, etc | সৈয়দ মাহমুদুল হাসান, |
| 260 ## - PUBLICATION, DISTRIBUTION, ETC. (IMPRINT) | |
| Place of publication, distribution, etc | ঢাকা : |
| Name of publisher, distributor, etc | উত্তরণ প্রকাশন, |
| Date of publication, distribution, etc | 2005 |
| 300 ## - PHYSICAL DESCRIPTION | |
| Pagination | 116 p. : |
| Dimensions | 22 cm. |
| 650 ## - SUBJECT ADDED ENTRY--TOPICAL TERM | |
| Topical term or geographic name as entry element | Short Stories |
| 942 ## - ADDED ENTRY ELEMENTS (KOHA) | |
| Source of classification or shelving scheme | Dewey Decimal Classification |
| Koha item type | Books |
| Source of classification or shelving scheme | Damaged status | Not for loan | Home library | Current library | Shelving location | Date of accession | Cost, normal purchase price | Total Checkouts | Full call number | Barcode | Date last seen | Date checked out | Copy number | Koha item type |
|---|---|---|---|---|---|---|---|---|---|---|---|---|---|---|
| Dewey Decimal Classification | JCC Rouf Library | JCC Rouf Library | General Stacks | 04/25/2024 | 70.00 | 2 | 891.4435 HAS 2005 | 2956 | 05/09/2024 | 04/25/2024 | C-1 | Books |